[Event "Cappelle op 13th"]
[Site "Cappelle la Grande"]
[Date "1997.??.??"]
[Round "6"]
[White "Epishin, Vladimir"]
[Black "Bagaturov, Giorgi"]
[Result "1/2-1/2"]
[WhiteElo "2600"]
[BlackElo "2475"]
[Annotator "Avrukh,B"]
[PlyCount "81"]
[EventDate "1997.02.15"]
[EventType "swiss"]
[EventRounds "9"]
[EventCountry "FRA"]
[SourceTitle "CBM 057 Extra"]
[Source "ChessBase"]
[SourceDate "1997.05.01"]
[SourceVersion "1"]
[SourceVersionDate "1997.05.01"]
[SourceQuality "1"]

1. d4 Nf6 2. c4 e6 3. Nf3 b6 4. g3 Ba6 5. b3 Bb4+ 6. Bd2 Be7 7. Bg2 c6 8. Bc3
d5 9. Ne5 Nfd7 10. Nxd7 Nxd7 11. Nd2 O-O 12. O-O Rc8 13. e4 c5 14. exd5 exd5
15. dxc5 dxc4 16. c6 cxb3 17. Re1 b2 {A rare and dudious move.The main line
here, is 17...Bb5.Here some last games in this line;} (17... Bb5 18. Nxb3 (18.
axb3 Bxc6 19. Bxc6 Rxc6 20. Rxa7 Bf6 21. Nc4 Nc5 22. Qxd8 Rxd8 23. Bxf6 gxf6
24. Ne3 Nxb3 25. Nf5 Rc1 26. Rxc1 Nxc1 27. Rb7 b5 28. Kg2 h5 29. Rxb5 Nd3 30.
Rb6 $16 {1/2-1/2 Van Wely,L-Karpov,A/FRA Cap d'Agde (F2) 1996 (45)}) 18... Bxc6
19. Bxg7 Kxg7 20. Nd4 Bxg2 21. Nf5+ Kh8 22. Rxe7 Bh3 23. Qd4+ Ne5 24. Qxe5+ f6
25. Qe2 Bxf5 26. Rd1 Bg4 27. Rxd8 Bxe2 28. Rxf8+ Rxf8 {1/2-1/2 Barus-Zarnicki/
32nd Chess Olympiad, Yerevan 1996}) 18. Bxb2 Nc5 (18... Nf6 19. Nb3 (19. Qb3 $5
Qxd2 20. Rxe7 Ng4 21. Qc3 Qxf2+ 22. Kh1 f6 $13 (22... Nf6 23. Qd4 $1 Qxd4 24.
Bxd4 $16 {[%csl Ga7]})) 19... Bb4 20. Re3 Qxd1+ 21. Rxd1 Rfd8 22. Rd4 $1 {
[%csl Gc6] with advantage for white.}) 19. Nc4 $2 $146 (19. Ba3 $1 $16 Bd6 ({
Avrukh,B} 19... Bb5 20. Nb3 Bxc6 21. Qxd8 Bxd8 22. Nxc5 bxc5 23. Bxc5 Ba5 (
23... Bf6 24. Rab1 Rfd8 25. Bxa7 Bxg2 26. Kxg2 $16) 24. Rec1 Rfd8 25. Bxa7 $16
{Avrukh,B}) 20. Nb3 Nd3 (20... Nxb3 21. Bxd6 Nxa1 22. Bxf8 $16) 21. Bxd6 Qxd6
22. Nc1 $1 Rfd8 23. Nxd3 Bxd3 24. Qa4 $1 (24. Bf1 Kf8 $13) 24... a5 25. Rad1
Qc7 26. Bh3 $1 $18 {1-0 Gheorghiu,F-Cserna,L/West Berlin 1986}) (19. Qg4 Bf6)
19... Bf6 $2 (19... Bxc4 $1 20. Qg4 $8 Bg5 $1 (20... Bf6 21. Bxf6 Qxf6 22. Qxc4
$14) 21. Qxc4 (21. h4 Nd3 $19) 21... Nd3 22. Bc3 $1 (22. Re2 Nxb2 23. Rxb2 Bf6
$19) 22... Nxe1 23. Rxe1 Re8 (23... Bf6 24. Bxf6 Qxf6 25. c7 $11) 24. Rxe8+
Qxe8 25. Qg4 Bh6 $15 {with idea 26...Rc6}) 20. Bxf6 (20. Qxd8 $5 Rfxd8 21. Bxf6
gxf6 22. Ne3 Nd3 23. Red1 $14) 20... Qxf6 21. Ne5 Rfd8 (21... Rfe8 $143 22. Nd7
) 22. Nd7 (22. Qg4 Rd2 23. Nf3 {[%cal Ga8f8]} Rdd8 (23... Rc2 $4 24. Qxc8+ Bxc8
25. Re8#) 24. Ne5 $11) (22. Qc2 {was interesting alternative.}) 22... Qf5 (
22... Qb2 $6 23. Re7 Nd3 24. Re2 (24. Qf1 Nf4 25. Qe1 Nd3 $11 (25... Nxg2 26.
Kxg2 {with idea 27 e7})) 24... Qc3 (24... Qd4 25. Rd2 $16) 25. Rc2 Qd4 26. Rd2
$16 {[%csl Rc6][%cal Gd2d4]}) 23. Re5 (23. Re7 Bb5 (23... Nd3 24. Qf3) 24. a4
Bc4 $13 {[%csl Re7][%cal Gc4e6]} (24... Qg5 25. Qe1 Nd3 26. Qe3 Qxe3 27. Rxe3
Bc4 28. Rd1 $16)) 23... Qxe5 (23... Qg6 $2 24. Re7 {[%cal Gg2d5,Gd5f7]} Bc4 25.
c7 $1 Rxd7 26. Rxd7 Nxd7 27. Qxd7 $18) 24. Nxe5 Rxd1+ 25. Rxd1 Kf8 26. Nd7+ Ke8
27. Nxc5 (27. Re1+ Kd8 28. Ne5 Ke7 $1 (28... Rc7 29. Bd5 Nd3 30. Nxd3 Bxd3 31.
Rd1 $16) 29. Bd5 (29. f4 $5) 29... Kd6 30. Bxf7 Bb5 31. f4 Bxc6 $11) 27... bxc5
28. Bh3 Rc7 29. Re1+ Kf8 (29... Kd8 $2 30. Bd7 $16) 30. Re5 c4 31. Bd7 f6 32.
Ra5 (32. Rd5 Ke7 33. Ra5 c3 34. Rc5 Kd6 35. Rxc3 Bb5 $11) 32... Bc8 $8 33. Bxc8
Rxc8 34. Rc5 Ke7 $11 35. Rxc4 a6 $1 {The last accurate move.} (35... Kd6 $2 36.
Ra4 Rc7 37. Ra6 $16) 36. h4 Kd6 37. h5 Rxc6 38. Rg4 Rc7 39. Kg2 Ke6 40. Ra4 Rc6
41. Re4+ 1/2-1/2

[Event "EU-Cup 13th Group7"]
[Site "Krynica"]
[Date "1997.09.17"]
[Round "3"]
[White "Ristic, Nebojsa M"]
[Black "Goldin, Alexander"]
[Result "0-1"]
[WhiteElo "2440"]
[BlackElo "2595"]
[Annotator "Avrukh,B"]
[PlyCount "72"]
[EventDate "1997.09.15"]
[EventType "team-k.o."]
[EventRounds "3"]
[EventCountry "POL"]
[SourceTitle "EXT 2020"]
[Source "ChessBase"]
[SourceDate "2019.10.17"]
[SourceVersion "1"]
[SourceVersionDate "2019.10.17"]
[SourceQuality "1"]
[WhiteTeam "Smederevska Palanka Gosa"]
[BlackTeam "Petah-Tikva Elitzur"]
[WhiteTeamCountry "SRB"]
[BlackTeamCountry "ISR"]

1. d4 Nf6 2. Nf3 e6 3. c4 b6 4. g3 Ba6 5. b3 b5 6. c5 $6 $146 {A new idea in
one of the most popular variation,but not a very good one!} (6. cxb5 {-is the
most popular continuation}) 6... d6 7. cxd6 cxd6 $10 8. Bg2 Nbd7 9. O-O Be7 10.
d5 $6 {Brave,but not fully justified decision.Better was} (10. Qd3 Qb6 11. b4 (
11. Nbd2 O-O 12. Bb2 $6 b4 $1 13. Nc4 Qc7 14. Qd2 Bxc4 15. bxc4 Qxc4 16. Rfc1
Qb5 $15) 11... d5 12. a3 O-O 13. Bf4 Rac8 14. Nbd2 Bb7 15. Nb3 Ne4 $10 {
with equal position.}) 10... Nxd5 11. Nd4 N7b6 12. Nc6 (12. e4 Nc7 13. Nc6 Qd7
14. Nxe7 Qxe7 15. Bb2 O-O 16. Qg4 f6 $17) 12... Qd7 13. Nxe7 Qxe7 14. e4 Nc7
15. e5 Ncd5 $1 ({Black has to play very carefuly to neutralize white's
pressure.For example:} 15... d5 $6 16. Qg4 $1 f5 17. Qf4 h6 18. Rd1 Rc8 19. h4
$1 $36 {with full compensation for the sacrificed pawn.}) 16. Re1 dxe5 17. a4
b4 $1 {Restraining white pieces on the queenside.} 18. Rxe5 Rd8 (18... O-O 19.
a5 (19. Bxd5 Rad8 20. Bg5 Qc7 $1 21. Bxd8 Qxe5 22. Bxb6 axb6 $17) 19... Nd7 $1
20. Qxd5 Rad8 $3 21. Bg5 $8 Nxe5 22. Bxe7 exd5 23. Bxd8 Rxd8 $17) 19. Qe1 Rd6
20. Bb2 Nd7 $1 {Bringing the knight to defense.} 21. Rh5 N7f6 22. Rg5 O-O $17
23. Nd2 h6 24. Re5 Rc8 25. Ne4 Nxe4 26. Rxe4 Rd7 27. Rd1 Rc2 28. Ba1 Nc3 $1 {
Using the fact that the pawn on b4 is "poisoned" black exchanges a couple of
pieces.} 29. Bxc3 (29. Rxd7 $6 Qxd7 30. Rxb4 $2 Ne2+ 31. Kh1 Rc1 $19) 29...
bxc3 30. Red4 Rxd4 31. Rxd4 Qg5 $1 $19 32. f4 Qc5 33. Qe3 Qb6 34. a5 Qxa5 35.
Ra4 Qb5 36. Rd4 Rxg2+ $1 0-1

[Event "HUN-ch"]
[Site "Budapest"]
[Date "1996.??.??"]
[Round "8"]
[White "Kiss, Pal"]
[Black "Horvath, Csaba"]
[Result "1/2-1/2"]
[WhiteElo "2480"]
[BlackElo "2530"]
[Annotator "Avrukh,B"]
[PlyCount "49"]
[EventDate "1996.12.??"]
[EventType "tourn"]
[EventRounds "11"]
[EventCountry "HUN"]
[EventCategory "9"]
[SourceTitle "CBM 057"]
[Source "ChessBase"]
[SourceDate "1997.04.01"]
[SourceVersion "1"]
[SourceVersionDate "1997.04.01"]
[SourceQuality "1"]

1. d4 Nf6 2. c4 e6 3. Nf3 b6 4. g3 Ba6 5. b3 Bb4+ 6. Bd2 Be7 7. Bg2 c6 8. Bc3
d5 9. Ne5 Ne4 10. O-O Nxc3 11. Nxc3 O-O 12. cxd5 (12. e4 dxc4 13. Nxc4 b5 14.
Ne3 Nd7 15. Qc2 (15. Rc1 Rc8 16. Re1 Qa5 17. Qc2 Ba3 $10 {Retursson-Portish
1987}) 15... c5 $1 16. d5 Bf6 {with good position for black Epishin-Dautov 1996
}) 12... cxd5 (12... exd5 $2 13. Re1 Bb7 14. e4 $16) 13. Qd2 (13. Rc1 {draw
Estermera-S.Ionov 1993}) (13. Re1 $142 Bb7 14. e4 Bb4 15. Rc1 Bxc3 16. Rxc3
dxe4 17. Bxe4 Bxe4 18. Rxe4 Nd7 19. Nc6 Qe8 20. Rf4 $1 Nf6 (20... Rc8 $2 21.
Qc2 Kh8 22. Rh4 $16) 21. Rxf6 gxf6 22. Qg4+ Kh8 23. Qh4 Kg7 (23... Rg8 $2 24.
Qxf6+ Rg7 25. h4 $16) 24. Rf3 Qxc6 25. Qxf6+ Kg8 26. Rf4 Qc2 27. Rg4+ Qg6 28.
Rxg6+ hxg6 29. h4 Rfd8 $10 {Yusupov-A.Sokolov 1986}) 13... Bb7 14. Rac1 (14.
Rfe1 Nd7 15. Nd3 Nf6 16. Qb2 Rc8 17. e3 $10 {Pichler-Vyzmanavin 1991}) 14...
Nd7 15. e4 $6 (15. Nd3 Nf6 16. Qb2 $10 {and position is still playable}) 15...
Nxe5 $1 (15... dxe4 16. Nxe4 (16. Nxd7 Qxd7 17. Bxe4 Rfd8 $15) (16. Bxe4 Bxe4
17. Nxe4 Nxe5 18. dxe5 Qxd2 19. Nxd2 Rac8 $10) 16... Nxe5 (16... Bxe4 $2 17.
Bxe4 Nxe5 18. Bxa8 $18) 17. dxe5 Bxe4 $10) 16. dxe5 d4 (16... dxe4 17. Qe2 $10
(17. Nxe4 $10)) 17. Nb5 Ba6 $10 18. a4 Bxb5 19. axb5 Qd7 20. Qd3 (20. Rc6 a6 $1
) 20... Rac8 21. Rfd1 Ba3 22. Rxc8 Rxc8 23. Bf1 Bb2 24. Qb1 Bc3 25. Bc4 1/2-1/2

[Event "HUN-ch"]
[Site "Lillafured"]
[Date "1999.02.05"]
[Round "5"]
[White "Chernin, Alexander"]
[Black "Sax, Gyula"]
[Result "1/2-1/2"]
[WhiteElo "2604"]
[BlackElo "2524"]
[Annotator "Avrukh,B"]
[PlyCount "63"]
[EventDate "1999.02.01"]
[EventType "tourn"]
[EventRounds "9"]
[EventCountry "HUN"]
[EventCategory "13"]
[SourceTitle "CBM 070"]
[Source "ChessBase"]
[SourceDate "1999.06.08"]
[SourceVersion "1"]
[SourceVersionDate "1999.06.08"]
[SourceQuality "1"]

1. d4 Nf6 2. c4 e6 3. Nf3 b6 4. g3 Ba6 5. b3 Bb4+ 6. Bd2 Be7 7. Bg2 c6 8. O-O
d5 9. Ne5 Nfd7 10. Nxd7 Nxd7 11. Bc3 O-O 12. Nd2 Rb8 {A rare continuation,but
in fact not a bad one,in some lines the rook will be placed better on b-file,
than on c-file(after usual 12...Rc8).} 13. Bb2 $146 (13. e4 b5 14. Re1 dxc4 15.
bxc4 bxc4 {now black's rook is well-placed on b-file.} 16. Qa4 Bb5 17. Qc2 {
[%cal Ga2a4]} Ba3 18. Nb1 Be7 19. Nd2 Ba3 20. Nb1 Be7 21. Nd2 {1/2-1/2
Danielsen,H-Sax,G/Valby 1994/EXT 97 (21)}) (13. Re1 Nf6 14. e4 c5 15. e5 Ne8 {
1/2-1/2 Kopjonkin,G-Farago,I/Zalakaros 1994/TD 94\02 (15)}) (13. a4 $5 Nf6 14.
e4 c5 15. exd5 exd5 16. Re1 Bb7 17. dxc5 Bxc5 18. Be5 Rc8 19. cxd5 Bxd5 20.
Bxd5 Nxd5 {and black equalized easily 1/2-1/2 Butnorius,A-Lerner,K/St.
Petersburg 1992/CBM 30 (42)}) 13... Nf6 (13... b5 $5 14. c5 (14. cxd5 cxd5 $11
{[%cal Gb5b4]}) 14... b4 (14... e5 15. dxe5 Nxc5 16. f4 $36 (16. Rc1 b4 {
[%cal Gd8a5]} 17. f4 Qa5 18. f5 Bg5 $13)) 15. a3 Qc8 16. axb4 Rxb4 17. Re1 $14)
14. Rc1 c5 (14... b5 $5 15. c5 b4 $11) 15. cxd5 (15. dxc5 bxc5 (15... Bxc5 $5)
16. Bxf6 $140 Bxf6 $1 17. cxd5 exd5 18. Rxc5 Qe7 {[%csl Ge2]}) 15... exd5 16.
Re1 Re8 17. e3 Rc8 18. dxc5 bxc5 (18... Bxc5 {[%cal Gd5d4]} 19. Nf3 (19. Bxf6
$140 Qxf6 20. Bxd5 Rcd8 $17) 19... Bb4 (19... Ne4 20. a3 $14 {[%csl Gb4,Gd4]
[%cal Gf3d4]}) 20. Rxc8 Qxc8 21. Nd2 {[%cal Ga2a3]} Qf5 22. a3 Bxd2 23. Qxd2
Ne4 $11) 19. Qc2 {[%cal Gc2f5]} (19. e4 $5 dxe4 (19... d4 20. Nc4 $14 (20. e5
Nd5 {[%csl Rd3][%cal Gd5b4]} 21. a3 Bg5 $1)) 20. Nxe4 Nxe4 (20... Qb6 21. Nxf6+
Bxf6 22. Bxf6 Qxf6 23. Rxc5 $1 $16) 21. Bxe4 Qxd1 22. Rcxd1 Red8 23. Rxd8+ Rxd8
24. Bxh7+ Kxh7 25. Rxe7 Rd2 26. Be5 (26. Rxa7 $140 $2 Be2 $1 27. Bc3 Rd1+ 28.
Kg2 Bf1+ 29. Kf3 Rd3+) (26. Bc3 Rc2) 26... Kg6 27. Rxa7 Rxa2 $11) 19... Qd7 20.
Nf3 (20. e4 d4 21. Nc4 Bf8 $13) 20... Ne4 21. Ne5 Qe6 (21... Qf5 $2 22. f3 Nd6
23. Qxf5 Nxf5 24. Bh3 $1 g6 25. e4 $18) 22. Nd3 {[%cal Gd3f4]} Bxd3 (22... Bd6
23. Nf4 Bxf4 24. exf4 $14 {[%cal Gf2f3]}) 23. Qxd3 Bf6 24. Bxf6 Nxf6 25. Red1
Red8 26. Rd2 h6 27. Qb5 (27. Rdc2 Qb6 (27... Qe7) 28. Rc3 {[%cal Gd3c2]} Rc6
29. Qc2 Rdc8 $11) 27... Qb6 $1 {[%mdl 512] Nice decision.Sax is sacrifice the
central pawn,but the endgame,which occured after this is very close to draw.}
28. Qxb6 axb6 29. Rcd1 Rc7 (29... c4 30. bxc4 Rxc4 31. Bxd5 Nxd5 32. Rxd5 Rxd5
33. Rxd5 Ra4 34. Rd2 $16 {[%cal Gg1f1,Gf1e1,Ge1d1,Gd1c1,Gc1b2]}) 30. Bxd5 Rcd7
31. e4 Kf8 $1 {[%cal Gf6e4]} (31... Nxe4 $2 32. Bxf7+ $18) 32. Rd3 (32. Rd3
Nxd5 (32... b5 33. Kg2 Ke7 {also deserve attention}) 33. Rxd5 (33. exd5 Ke7 {
[%cal Ge7d6]}) 33... Rxd5 34. Rxd5 (34. exd5 Ke7 {[%cal Ge7d6] and it must be
easy draw for black}) 34... Rxd5 35. exd5 Ke7 36. Kf1 Kd6 37. Ke2 Kxd5 38. Kd3
b5 39. a4 Kc6 $1 40. Kc3 Kb6 $11) (32. f3 Ke7 33. Kf2 Nxd5 34. exd5 Kd6)
1/2-1/2

[Event "RUS-Cup03 Geller Memorial"]
[Site "Moscow"]
[Date "1999.02.14"]
[Round "5"]
[White "Iljushin, Alexei"]
[Black "Arkhangelsky, Boris Nikolaevich"]
[Result "1-0"]
[WhiteElo "2484"]
[BlackElo "2382"]
[Annotator "Avrukh,B"]
[PlyCount "73"]
[EventDate "1999.02.10"]
[EventType "swiss"]
[EventRounds "9"]
[EventCountry "RUS"]
[SourceTitle "CBM 070"]
[Source "ChessBase"]
[SourceDate "1999.06.08"]
[SourceVersion "1"]
[SourceVersionDate "1999.06.08"]
[SourceQuality "1"]

1. d4 Nf6 2. c4 e6 3. Nf3 b6 4. g3 Ba6 5. b3 d5 6. Bg2 c5 7. cxd5 exd5 8. O-O
Nc6 9. Bb2 (9. Nc3 {deserve serious attention} Rc8 $140 $6 10. Bg5 Be7 11. dxc5
bxc5 12. Rc1 $16 {[%csl Rc5,Rd5]}) 9... Rc8 10. Ne5 {[%mdl 8]} (10. Nc3 Be7 11.
dxc5 (11. Rc1 O-O 12. Re1 (12. dxc5 $6 d4 $1 13. Nb1 bxc5 14. Nbd2 Re8 15. Nc4
Nd5 16. Ne1 $2 Bg5 17. Rb1 Nb6 18. Nxb6 axb6 $17 {Beckhuis-Gavrikov/BL 9394})
12... Ne4 13. Na4 $2 (13. e3 cxd4 14. Nxe4 dxe4 15. Nxd4 Nxd4 16. Qxd4 Qxd4 17.
Bxd4 f5 $10) (13. dxc5 Nxc3 14. Bxc3 bxc5 15. e3 Qd7 16. Qd2 Rfd8 17. Red1 Qe6
18. Qb2 Bf8 $10) 13... c4 $1 {[%csl Ga4]} 14. Nc3 (14. bxc4 Bxc4 15. a3 b5 16.
Nc3 Nxc3 17. Rxc3 b4 $17) 14... Bb4 15. Rf1 $2 (15. bxc4 Bxc3 16. Bxc3 Bxc4 17.
a3 Nxc3 18. Rxc3 b5 $15) 15... Re8 $17 {[%csl Re2] 0-1 Kanstler,B-Gofshtein,L/
Rishon le Zion 1994/CBM 45/[Dautov] (27)}) 11... bxc5 12. Rc1 O-O 13. Na4 Re8 {
[%csl Ge2]} (13... Ne4 $140 14. Nd2 $1) 14. Re1 c4 {[%csl Gd4]} 15. Nd4 Bb4 16.
Bc3 Ba3 17. Rb1 Nxd4 (17... Ne4 $5 18. Nxc6 Rxc6 19. Qd4 Bf8 $13) 18. Qxd4 $14
{1-0 Smyslov,V-Sosonko,G/Tilburg 1984/MCD-r8 (31)} cxb3 19. axb3 Bxe2 20. Qxa7
Bd3 21. Rxe8+ Qxe8 22. Re1 $36) (10. Re1 Be7 11. Nc3 O-O 12. e3 Qd6 $2 (12...
Re8 {was a normal way for black}) 13. dxc5 bxc5 14. Nh4 $16 {[%csl Rd5][%cal
Gh4f5] 1-0 Mowsziszian,K-Siegel,G/BL9495 1995/BL 90 (41)}) 10... Be7 (10...
Nxd4 $5 11. Bxd4 cxd4 12. Qxd4 {[%cal Gd4a4]} Bd6 $1 13. Nc3 (13. Qa4+ b5 14.
Qxa6 Bxe5 $17 {[%csl Ga1]}) 13... O-O 14. Nxd5 Nxd5 15. Bxd5 (15. Qxd5 $2 Rc5)
15... Bxe2 16. Rfe1 Bh5 $11) 11. Nxc6 Rxc6 12. Nc3 (12. dxc5 Re6 $1 (12... bxc5
$2 13. Nc3 Rd6 14. Na4 $16 {[%cal Ga1c1]}) 13. Re1 bxc5 {with nice play for
black}) 12... c4 13. b4 (13. Re1 O-O 14. e4 dxe4 15. Nxe4 Rc7 $1 (15... Nd5
$143 16. Qh5 {[%cal Gg2c6]} Rh6 $2 17. Qxd5 $1 (17. Qf5 Nb4 $1) 17... Qxd5 18.
Nf6+ Bxf6 19. Bxd5 b5 20. a4 $16) 16. Rc1 $11) 13... Bb7 (13... Bxb4 $2 14. Qa4
$18) 14. e4 dxe4 15. Nxe4 Nxe4 (15... Nd5 16. Nc3 $8 Nxc3 (16... Rd6 $143 17.
Qa4+ $1 {[%csl Ga7]} Qd7 (17... Bc6 18. b5 Nxc3 19. Bxc3 (19. Bxc6+ $2 Rxc6 20.
Bxc3 Rc7 $15) 19... Bxg2 20. Kxg2 {[%csl Rc4]} Qc7 21. Rfe1 {[%cal Gc3b4]} O-O
22. Bb4 $16) 18. Qxa7 O-O 19. Nxd5 Bxd5 20. Qxd7 Rxd7 21. Bc3 $16 {f.e.} Bf6
22. Rfd1 Bxg2 23. Kxg2 Rfd8 24. a4 Bxd4 25. Bxd4 Rxd4 26. Rxd4 Rxd4 27. a5 bxa5
28. bxa5 {with winning rookending for white}) 17. Bxc3 {see 16..0-0} (17. Bxc6+
Bxc6 18. Bxc3 Qd5 19. f3 O-O $44)) 16. Bxe4 Rc7 $2 {a bad mistake, which will
give white simply pawn up,from quite unclear position.} (16... O-O $1 {was the
most sensitive move.} 17. d5 (17. Qf3 Qd7 $1 (17... Rf6 18. Bxh7+ Kxh7 19. Qxb7
Bxb4 20. Rac1 Qc8 21. Qe4+ Rg6 22. d5 b5 $13)) (17. Bxc6 Bxc6 {[%cal Gd8d5]}
18. d5 Bxd5 $1 (18... Qxd5 19. Qxd5 Bxd5 20. Bc3 $1 {and white is slightly
better in this endgame.}) 19. Re1 (19. Qg4 Bf6 20. Bxf6 Qxf6 $44) 19... Bxb4
20. Qd4 (20. Qg4 f6 21. Red1 Qa8 $17 {[%csl Gf1,Gf3,Gg2,Gh1,Gh3]}) 20... Qf6 (
20... Qg5 $2 21. Re5 $18) 21. Qxf6 gxf6 22. Red1 c3 $1 (22... Bf3 23. Rd4 b5
24. Rf4 Be2 25. Bxf6 Re8) 23. Rxd5 cxb2 24. Rb1 Bc3 $15) 17... Rh6 $5 (17...
Rc7 18. Bxg7 Kxg7 19. Qg4+ Bg5 (19... Kh8 $2 20. Qf5 $18) 20. d6 (20. h4 f5 21.
Bxf5 Qxd5 $19) 20... Qxd6 21. Qxg5+ Kh8 $11) 18. Qg4 Bf6 $11) 17. Bxb7 Rxb7 18.
d5 O-O (18... Rd7 19. Qg4 $16) 19. Qg4 f6 $2 {[%csl Ge6,Re7][%mdl 16384]} (
19... Bf6 20. Bxf6 Qxf6 21. Qxc4 Rd7 $16 {and technically it's not so easy for
white to win this position.}) 20. Qxc4 $18 b5 (20... Rc7 21. Qb3) 21. Qe4 Qd6 {
[%csl Gb4]} 22. a3 Rd8 23. Rfd1 Rc7 24. Rac1 Rdc8 25. Rxc7 (25. Qf5 $1 {
[%cal Gf5c8]} Rxc1 26. Bxc1 Rd8 27. Be3 {was more easy for white}) 25... Rxc7
26. Rc1 Rxc1+ 27. Bxc1 Kf7 28. Be3 {[%cal Ge3c5]} Qd7 29. Kg2 a6 30. h4 f5 31.
Qd3 Bf6 $6 (31... Bd6 32. Bc5 Be5 33. h5 g6 34. h6 $1 $18 {[%csl Gh7]}) 32. Bf4
h6 33. h5 $1 Bg5 34. Be5 f4 $138 35. gxf4 Bh4 36. Qg6+ Kg8 37. Qe6+ 1-0

[Event "RUS-ch51"]
[Site "St Petersburg"]
[Date "1998.08.06"]
[Round "10"]
[White "Popov, Valerij"]
[Black "Zvjaginsev, Vadim"]
[Result "1-0"]
[WhiteElo "2520"]
[BlackElo "2650"]
[Annotator "Avrukh,B"]
[PlyCount "103"]
[EventDate "1998.07.28"]
[EventType "swiss"]
[EventRounds "11"]
[EventCountry "RUS"]
[SourceTitle "CBM 067"]
[Source "ChessBase"]
[SourceDate "1998.11.30"]
[SourceVersion "2"]
[SourceVersionDate "1998.11.01"]
[SourceQuality "1"]

1. d4 e6 2. c4 Nf6 3. Nf3 b6 4. g3 Ba6 5. b3 c5 6. Bg2 (6. dxc5 bxc5 7. Bg2 Bb7
8. O-O d6 9. Nc3 Be7 10. Bg5 O-O 11. Qc2 a6 12. Bxf6 Bxf6 13. Ng5 Bxg5 14. Bxb7
Ra7 15. Bg2 Be7 16. Rad1 Qa5 $14 {0-1 Schrama,P-Govedarica,R/Baden Baden 1987/
TD 87\04 (48)}) 6... Nc6 $146 (6... d5 7. O-O Nc6 (7... Be7 8. cxd5 Nxd5 9. Bb2
O-O 10. Nbd2 Nd7 11. Nc4 Rc8 12. e4 N5f6 13. d5 exd5 (13... Nxe4 14. dxe6 fxe6
15. Qe2 Ndf6 16. Bxf6 Nxf6 17. Qxe6+ Kh8 18. Rfe1 $36 {[%cal Gf3g5]}) 14. exd5
Bxc4 15. bxc4 $14 {[%csl Gb2,Gg2] 1-0 Neverov,V-Sazonov,A/Yalta 1996/EXT 97 
(41)}) 8. cxd5 exd5 9. Bb2 Rc8 10. Re1 Be7 11. Na3 $6 {[%csl Ra3]} (11. Nc3 $5
{[%csl Rd5]}) 11... O-O 12. Nc2 Ne4 13. Nd2 Nf6 14. e4 $2 (14. Nf3) 14... dxe4
15. Nxe4 Nxe4 16. Bxe4 Bf6 $17 {[%csl Rb2,Gf6][%cal Gf6b2] 0-1 Bach,M-Schilow,
V/BL2-N9697 1997/BL2-N (31)}) (6... Bb7 7. d5 exd5 8. Nh4 g6 9. Bb2 Bg7 10.
cxd5 d6 11. O-O b5 12. a4 b4 13. Nd2 {[%cal Gd2c4]} a5 14. Qc2 O-O 15. e4 Nbd7
16. Rfe1 Nh5 (16... Re8 $5) 17. Bxg7 Kxg7 18. Nc4 $14 {1-0 Tratar,M-Slak,M/
SLO-ch 1994/EXT 97 (30)}) 7. d5 exd5 8. cxd5 Ne7 $6 (8... Nb4 9. Nc3 Bb7 10. e4
Ba6 11. Bf1 Bxf1 12. Kxf1 $14 {[%csl Gb4]}) 9. Nc3 g6 $2 (9... d6 10. O-O g6
11. Bb2 Bg7 $14) 10. Bg5 Bg7 11. d6 Nc6 12. Nd5 $16 Nxd5 (12... O-O 13. Nc7 Bb7
14. Nxa8 Bxa8 15. O-O $16) (12... Rc8 $5 13. Nc7+ Rxc7 14. dxc7 Qxc7 15. Rc1
O-O 16. Bf4 $16) 13. Bxd8 Nc3 (13... Rxd8 14. Rc1 Nc3 15. Qd2 Nxe2 (15... Ne4 {
Like in the game.}) 16. Bf1 $1 Nxc1 17. Bxa6 $18) 14. Qd2 Rxd8 15. Rc1 Ne4 16.
Qf4 f5 17. Nd2 $6 (17. Ng5 $1 Be5 (17... O-O 18. Bxe4 fxe4 19. Qxe4 Nb4 20. O-O
Rde8 21. Qg4 Nxa2 (21... Bxe2 22. Qxd7 Bxf1 23. Ne6 $1 $18) 22. Ra1 $1 $18) 18.
Qh4 Nxd6 (18... Bc3+ 19. Rxc3 Nxc3 20. Bxc6 dxc6 21. Ne4 $1 $18) (18... Bf6 19.
Bxe4 $18) (18... Nxg5 19. Qxg5 Bxd6 20. Bxc6 Be7 (20... dxc6 21. Qf6 $18) 21.
Qh6 dxc6 22. Qg7 Rf8 23. Qxh7 $18) 19. Nxh7 $1) 17... O-O 18. Nxe4 fxe4 19.
Qxe4 Rde8 20. Qd5+ Kh8 21. Qd2 (21. Rc4 $2 Bd4 22. O-O (22. f4 Nb4 $44 23. Rxb4
Bc3+ (23... Rxe2+ 24. Kd1 $18)) 22... Rf5) 21... Bxe2 $6 (21... Nb4 $5 22. Rc4
$1 (22. O-O Rxe2 $44) 22... Bxc4 23. bxc4 $16) 22. Qxe2 Rxe2+ 23. Kxe2 Nd4+ 24.
Kf1 {[%cal Gg2h3,Gh3d7]} Nf5 (24... Be5 25. Bh3 Rf7 26. Kg2 Bxd6 $16) 25. Bh3
Nxd6 (25... Bd4 26. Kg2 Nxd6 27. f4 Nf5 28. Rhe1 d5 29. Bxf5 $18 {[%cal Ge1e7]}
) 26. Bxd7 $18 {Tehnical position.} Ne4 27. Rc2 Bd4 28. f4 g5 {Black has some
tactical chances ,but Popov play's very accurate.} 29. f5 Nf6 30. Be6 Ng4 31.
Ke2 Kg7 (31... Ne3 32. Rd2 Nxf5 33. Bxf5 Rxf5 34. Kd3 {[%csl Ra7][%cal Gd3c4,
Gc4b5,Gb5a6,Gb5c6,Gc6b7]}) 32. Rd2 Ne3 33. Kd3 Kf6 34. h3 $1 (34. Re1 $6 Ng4 {
[%cal Gg4e5]}) 34... Rd8 35. Re2 Nxf5 36. Bxf5 Be5+ 37. Kc4 Kxf5 38. Rf1+ (38.
g4+ $144 Ke6 39. Kb5 $18) 38... Ke6 39. Kb5 Rd5 40. Kc6 Rd6+ 41. Kb7 b5 (41...
Rd7+ 42. Ka6 Re7 43. Rfe1 Kd5 44. a4 h5 45. Rxe5+ $1 Rxe5 46. Rxe5+ Kxe5 47.
Kxa7 $18 {[%cal Ga7b6,Ra4a8]}) 42. Kxa7 c4 43. a4 $1 cxb3 (43... bxa4 44. bxc4
$18 {[%cal Gf1e1]}) 44. axb5 Rd5 45. Ka6 b2 46. Rb1 Kd7 47. b6 h5 48. Rxe5 $1
Rxe5 49. Rxb2 Kc8 50. Rf2 Re3 51. b7+ Kc7 52. Rc2+ 1-0